Naricita impertinente : (Registro nro. 6586)

Detalles MARC
000 -LEADER
fixed length control field 01190nam a22002897a 4500
003 - CONTROL NUMBER IDENTIFIER
control field OSt
005 - DATE AND TIME OF LATEST TRANSACTION
control field 20250808155511.0
008 - FIXED-LENGTH DATA ELEMENTS--GENERAL INFORMATION
fixed length control field 200224s2019 ck a|||br|||| 00| j spa d
020 ## - INTERNATIONAL STANDARD BOOK NUMBER
International Standard Book Number 9789585595002
040 ## - CATALOGING SOURCE
Original cataloging agency CO-JMCR
Transcribing agency CO-JMCR
041 1# - LANGUAGE CODE
Language code of text/sound track or separate title spa
Language code of original eng
082 04 - DEWEY DECIMAL CLASSIFICATION NUMBER
Classification number J-C
Item number MONn
100 1# - MAIN ENTRY--PERSONAL NAME
Personal name Monteiro Lobato, José Bento,
Relator term autor
9 (RLIN) 881
245 10 - TITLE STATEMENT
Title Naricita impertinente :
Remainder of title y la finca del pájaro carpintero amarillo /
Statement of responsibility, etc. Monteiro Lobato ; traducción de Mariana Serrano Zalamea ; ilustrados por Sindy Elefante
250 ## - EDITION STATEMENT
Edition statement Primera edición
260 ## - PUBLICATION, DISTRIBUTION, ETC.
Place of publication, distribution, etc. Bogotá :
Name of publisher, distributor, etc. Alcaldía Mayor de Bogotá ; Instituto Distrital de las Artes Idartes,
Date of publication, distribution, etc. 2019
300 ## - PHYSICAL DESCRIPTION
Extent 139 páginas :
Other physical details ilustraciones a blanco y negro ;
Dimensions 17 cm.
490 0# - SERIES STATEMENT
Series statement Libro al viento inicial ;
Volume/sequential designation 143
500 ## - GENERAL NOTE
General note Incluye datos biográficos y fotografía del autor.
505 0# - FORMATTED CONTENTS NOTE
Formatted contents note Naricita impertinente -- La finca del pájaro carpintero amarillo
546 ## - LANGUAGE NOTE
Language note Traducido del inglés
650 14 - SUBJECT ADDED ENTRY--TOPICAL TERM
Topical term or geographic name entry element Cuentos infantiles
9 (RLIN) 882
650 14 - SUBJECT ADDED ENTRY--TOPICAL TERM
Topical term or geographic name entry element Universo fantástico
General subdivision cuento infantil
9 (RLIN) 883
700 1# - ADDED ENTRY--PERSONAL NAME
Personal name Serrano Zalamea, Mariana,
Relator term traductora
9 (RLIN) 884
700 1# - ADDED ENTRY--PERSONAL NAME
Personal name Elefante, Sindy,
Relator term ilustradora
9 (RLIN) 885
942 ## - ADDED ENTRY ELEMENTS (KOHA)
Source of classification or shelving scheme Dewey Decimal Classification
Koha item type Books
Existencias
Withdrawn status Lost status Source of classification or shelving scheme Damaged status Not for loan Collection code Home library Current library Shelving location Date acquired Source of acquisition Cost, normal purchase price Total Checkouts Full call number Barcode Date last seen Date last checked out Copy number Price effective from Koha item type
    Dewey Decimal Classification     Fiction Biblioteca Pública José María del Castillo y Rada Biblioteca Pública José María del Castillo y Rada Processing Center 12/20/2019 Donación 0.00 1 J-C MONn 201809880 02/02/2024 02/02/2024 Ej.1 02/24/2020 Books
    Dewey Decimal Classification     Fiction Biblioteca Pública José María del Castillo y Rada Biblioteca Pública José María del Castillo y Rada Processing Center 12/20/2019 Donación 0.00 1 C / MONn 201809877 02/20/2024 02/20/2024 Ej.2 02/24/2020 Books